Slovenská ekonomika v kontexte vývoja svetovej ekonomiky. 3
Strednodobý výhľad vývoja svetovej ekonomiky - dôležitý informačný prameň na vypracovanie stratégie ekonomického rozvoja. Vývoj svetového outputu a obchodu podľa medzinárodných ekonomických a finančných inštitúcií. Rozdiely v intenzite oživenia medzi vyspelými a transformujúcimi sa ekonomikami.
Gespeichert in:
| 1. Verfasser: | |
|---|---|
| Format: | Buchkapitel |
| Sprache: | Slowakisch |
| Schlagworte: | |
| Tags: |
Keine Tags, Fügen Sie das erste Tag hinzu!
|
MARC
| LEADER | 00000naa a2200000 4500 | ||
|---|---|---|---|
| 001 | r019555 | ||
| 005 | 20221205102043.3 | ||
| 041 | 0 | |a slo | |
| 044 | |a SK | ||
| 245 | 1 | 0 | |a Slovenská ekonomika v kontexte vývoja svetovej ekonomiky. 3 |c Zora Komínková |
| 520 | |a Strednodobý výhľad vývoja svetovej ekonomiky - dôležitý informačný prameň na vypracovanie stratégie ekonomického rozvoja. Vývoj svetového outputu a obchodu podľa medzinárodných ekonomických a finančných inštitúcií. Rozdiely v intenzite oživenia medzi vyspelými a transformujúcimi sa ekonomikami. | ||
| 610 | 2 | 0 | |a Slovensko |
| 610 | 2 | 0 | |a 1994-2002 |
| 610 | 2 | 0 | |a hospodárstvo národné |
| 610 | 2 | 0 | |a hospodárstvo svetové |
| 610 | 2 | 0 | |a prognózy hospodárske |
| 610 | 2 | 0 | |a obchod svetový |
| 610 | 2 | 0 | |a oživenie |
| 610 | 2 | 0 | |a transformácia |
| 100 | 1 | |a Komínková, Zora | |